[Event "Xtracon Chess Open 2019"]
[Site "Helsingor DEN"]
[Date "2019.07.25"]
[Round "7.149"]
[White "Fjallheim, Elmar Reinert"]
[Black "Zwisler, Lars Erik"]
[Result "0-1"]
[WhiteElo "1609"]
[BlackElo "1789"]
[WhiteFideId "7201095"]
[BlackFideId "1418351"]
[EventDate "2019.07.20"]

1. e4 e6 2. d4 d5 3. exd5 exd5 4. Nf3 c6 5. Bd3 Bg4 6. h3 Bh5 7. Bf4 Bd6 8. Qe2+
Ne7 9. Bxd6 Qxd6 10. Nbd2 Nd7 11. O-O-O O-O-O 12. g4 Bg6 13. Ng5 Qf6 14. Ngf3
Rhe8 15. Rhe1 Bxd3 16. Qxd3 Ng6 17. Re3 Nf4 18. Qf1 Rxe3 19. fxe3 Ne6 20. Qd3 h6
21. Rf1 Qe7 22. Ng1 Ng5 23. Rf4 Re8 24. h4 Nh3 25. Rf3 Qxh4 26. Rxf7 Qe1# 0-1

[Event "Xtracon Chess Open 2019"]
[Site "Helsingor DEN"]
[Date "2019.07.25"]
[Round "7.150"]
[White "Viitaniemi, Olli"]
[Black "Pihl, William"]
[Result "1-0"]
[WhiteElo "1778"]
[BlackElo "1669"]
[WhiteFideId "515361"]
[BlackFideId "1467310"]
[EventDate "2019.07.20"]

1. c4 e5 2. g3 Nf6 3. Bg2 Bc5 4. Nc3 d6 5. e3 Nc6 6. Nge2 Bf5 7. d4 exd4 8. exd4
Bb6 9. O-O O-O 10. h3 Qd7 11. Kh2 Rfe8 12. a3 a5 13. Be3 Rab8 14. Qb3 Bd3 15.
Rfd1 Qf5 16. Rac1 Ne7 17. Nf4 Be4 18. Nxe4 Nxe4 19. g4 Qd7 20. Bxe4 a4 21. Qc2
Ng6 22. Nxg6 hxg6 23. Bf3 c6 24. Qxa4 d5 25. Bf4 Bc7 26. Bxc7 Qxc7+ 27. Kg2 dxc4
28. Qxc4 Qd6 29. d5 cxd5 30. Bxd5 Qf6 31. b4 b5 32. Qb3 Re2 33. Qf3 1-0

[Event "Xtracon Chess Open 2019"]
[Site "Helsingor DEN"]
[Date "2019.07.25"]
[Round "7.151"]
[White "Markussen, Bernt Olav"]
[Black "Eiding, Amanda Mai Irgens"]
[Result "1-0"]
[WhiteElo "1761"]
[BlackElo "1633"]
[WhiteFideId "1538845"]
[BlackFideId "1549499"]
[EventDate "2019.07.20"]

1. d4 d5 2. Bf4 Nf6 3. e3 e6 4. c3 Bd6 5. Bg3 O-O 6. Bd3 c5 7. Nd2 Nc6 8. Ngf3
Re8 9. Ne5 Qc7 10. f4 Nd7 11. Bxh7+ Kf8 12. Bc2 Nf6 13. O-O Ke7 14. Bh4 Rh8 15.
g3 cxd4 16. exd4 Bd7 17. Ndf3 Raf8 18. Nxd7 Kxd7 19. Ne5+ Ke8 20. Qe2 a6 21.
Rae1 Bxe5 22. dxe5 Qb6+ 23. Rf2 Nd7 24. Ba4 Nc5 25. Bxc6+ Qxc6 26. Rd1 Ne4 27.
Qxe4 Rxh4 28. Qe3 Rh3 29. c4 Qxc4 30. Rc1 Qb5 31. Rc8+ Ke7 32. Qa3+ Kd7 33. Rxf8
Qc6 34. Rxf7+ 1-0

[Event "Xtracon Chess Open 2019"]
[Site "Helsingor DEN"]
[Date "2019.07.25"]
[Round "7.152"]
[White "Petersen, Rasmus"]
[Black "Sundin, Sven-Ingvar"]
[Result "0-1"]
[WhiteElo "1745"]
[BlackElo "1632"]
[WhiteFideId "1448250"]
[BlackFideId "1724517"]
[EventDate "2019.07.20"]

1. d4 d5 2. c4 c6 3. Nf3 dxc4 4. e3 b5 5. a4 e6 6. axb5 Bb4+ 7. Bd2 Bxd2+ 8.
Nbxd2 cxb5 9. b3 a5 10. bxc4 b4 11. Bd3 Bb7 12. O-O Nf6 13. Qc2 Nbd7 14. c5 Qc7
15. Bb5 Bc6 16. Bxc6 Qxc6 17. Rfc1 O-O 18. Ra4 Ra6 19. Rca1 Rfa8 20. Nb3 Qb5 21.
e4 Nb8 22. Ne5 g6 23. f3 Kf8 24. Qd2 Kg7 25. d5 Nfd7 26. Nxd7 Nxd7 27. c6 Nb6
28. Qd4+ Kg8 29. Rxa5 Rxa5 30. Rxa5 Rxa5 31. Nxa5 Qxa5 32. d6 b3 33. h3 b2 34.
Qxb2 Qc5+ 35. Kh1 Qxc6 36. Qd4 Nd7 37. e5 Qc5 38. Qa4 Qc8 39. f4 f6 40. Qd4 fxe5
41. fxe5 Kg7 42. Kh2 Qc5 43. Qxc5 Nxc5 44. Kg3 Nd7 45. Kf4 h6 46. g4 g5+ 47. Ke4
Kf7 48. Kd4 Kg6 49. Ke4 h5 50. Kd4 h4 51. Ke4 Kf7 52. Kd4 Ke8 53. Ke4 Kd8 54.
Kd4 Kc8 0-1

[Event "Xtracon Chess Open 2019"]
[Site "Helsingor DEN"]
[Date "2019.07.25"]
[Round "7.153"]
[White "Fuchs, Jochen"]
[Black "Borrmann, Laurenz"]
[Result "0-1"]
[WhiteElo "1742"]
[BlackElo "1623"]
[WhiteFideId "16243943"]
[BlackFideId "312187930"]
[EventDate "2019.07.20"]

1. Nf3 Nf6 2. b4 c6 3. Bb2 a5 4. a3 Qb6 5. Bd4 Qc7 6. c4 d6 7. e3 e5 8. Bb2 Bf5
9. d4 Nbd7 10. Nc3 Be7 11. Be2 h6 12. b5 O-O 13. O-O Rfd8 14. Nd2 c5 15. e4 Bh7
16. d5 Nf8 17. f4 exf4 18. Rxf4 Ng6 19. Rf2 Ne5 20. Qf1 Rf8 21. Re1 Nfg4 22.
Bxg4 Nxg4 23. Rfe2 Ne5 24. Rf2 Bh4 25. g3 Bg5 26. Nf3 Bf6 27. h3 Nxf3+ 28. Rxf3
Bd4+ 29. Kh1 Rae8 30. Rf4 Be5 31. Rh4 Bxg3 32. Rg4 Bxe1 33. Ne2 Bxe4+ 34. Kh2
Bg6 35. Qxe1 Qe7 36. Rg2 Qe4 37. Qc3 Qe5+ 38. Qxe5 dxe5 39. Rg3 Kh7 40. b6 f5
41. Nc3 f4 42. Rg1 f3 43. Na4 f2 0-1

[Event "Xtracon Chess Open 2019"]
[Site "Helsingor DEN"]
[Date "2019.07.25"]
[Round "7.154"]
[White "Norevall, Ulf"]
[Black "Svane, Freja"]
[Result "1/2-1/2"]
[WhiteElo "1739"]
[BlackElo "1600"]
[WhiteFideId "1705555"]
[BlackFideId "12940100"]
[EventDate "2019.07.20"]

1. d4 d5 2. c4 e6 3. Nc3 c6 4. e3 Nf6 5. Nf3 Be7 6. Bd3 O-O 7. O-O b6 8. Qe2 Bb7
9. e4 dxc4 10. Bxc4 c5 11. dxc5 Bxc5 12. Bg5 Be7 13. Rfd1 Nfd7 14. Bf4 Qc8 15.
Nb5 Na6 16. Nd6 Bxd6 17. Bxd6 Re8 18. b4 Nab8 19. Rac1 Qd8 20. Nd4 Qf6 21. e5
Qg6 22. f3 Nf8 23. Bd3 Qg5 24. Nb5 Na6 25. Rc4 Rac8 26. Rxc8 Rxc8 27. Nxa7 Ra8
28. Nb5 Ng6 29. Bxg6 Qxg6 30. Qd3 Qg5 31. Qd2 Qg6 32. Bc7 Bd5 33. a3 Nxc7 34.
Nxc7 Rxa3 35. Nxd5 exd5 36. Qxd5 h6 37. b5 Kh7 38. h3 Qc2 39. Rd2 Qc1+ 40. Kh2
Qe1 41. Rc2 Re3 42. Qxf7 Rxe5 43. Rc8 Rg5 44. Qg8+ Kg6 45. Rc6+ Kh5 46. Qf7+ g6
47. Qf4 Rxg2+ 48. Kxg2 1/2-1/2

[Event "Xtracon Chess Open 2019"]
[Site "Helsingor DEN"]
[Date "2019.07.25"]
[Round "7.155"]
[White "Hamalainen, Joel"]
[Black "Damm, Henrik"]
[Result "1-0"]
[WhiteElo "1736"]
[BlackElo "1591"]
[WhiteFideId "516660"]
[BlackFideId "1425013"]
[EventDate "2019.07.20"]

1. e4 e5 2. Nf3 Nc6 3. d4 exd4 4. Bc4 h6 5. Nxd4 Bb4+ 6. c3 Ba5 7. Nxc6 bxc6 8.
Bxf7+ Kxf7 9. Qh5+ Kf8 10. Qxa5 d5 11. O-O g5 12. Re1 dxe4 13. Qb4+ Kg7 14. Qxe4
Bd7 15. Nd2 Qf8 16. Qd4+ Nf6 17. Nf3 Qd6 18. Be3 c5 19. Qxd6 cxd6 20. Rad1 Bg4
21. Rxd6 Bxf3 22. gxf3 Rhe8 23. Kf1 Re5 24. b4 cxb4 25. cxb4 Rae8 26. a3 Kg6 27.
Rxf6+ 1-0

[Event "Xtracon Chess Open 2019"]
[Site "Helsingor DEN"]
[Date "2019.07.25"]
[Round "7.156"]
[White "Brokso, Kim"]
[Black "Digernes, Mikael"]
[Result "1-0"]
[WhiteElo "1732"]
[BlackElo "1560"]
[WhiteFideId "1441477"]
[BlackFideId "1544225"]
[EventDate "2019.07.20"]

1. e4 c6 2. d4 d5 3. e5 Bf5 4. Bd3 Bxd3 5. Qxd3 e6 6. Ne2 Ne7 7. Ng3 Ng6 8. c3
c5 9. a3 Nc6 10. b4 cxd4 11. cxd4 Qb6 12. Ne2 Nh4 13. O-O Nf5 14. Bb2 Be7 15.
Kh1 h5 16. Nd2 g5 17. Nb3 h4 18. Rac1 g4 19. f4 gxf3 20. Rxf3 Bg5 21. Rcf1 O-O-O
22. Rxf5 exf5 23. Qxf5+ Kb8 24. Qxg5 Qb5 25. Qe3 Rdf8 26. Nc5 Ne7 27. Rf2 b6 28.
a4 Qe8 29. Na6+ Kb7 30. b5 Qd7 31. Ba3 Qe6 32. Qg5 Re8 33. Rf6 Qd7 34. Rxf7 Rhg8
35. Rxe7 Qxe7 36. Qxe7+ Rxe7 37. Bxe7 Rc8 38. Bd6 Rc2 39. Ng1 Rc4 40. e6 Rxd4
41. e7 Re4 42. Nc7 Rxe7 43. Bxe7 Kxc7 44. Bxh4 d4 45. Nf3 d3 46. Bg3+ Kb7 47. h4
a6 48. h5 a5 49. h6 d2 50. Nxd2 Kc8 51. h7 Kd7 52. h8=Q Ke7 53. Qe5+ Kf7 54. Bh4
Kg8 55. Qf6 Kh7 56. Bg5 Kg8 57. Bh6 1-0

[Event "Xtracon Chess Open 2019"]
[Site "Helsingor DEN"]
[Date "2019.07.25"]
[Round "7.157"]
[White "Rempe, Mieke"]
[Black "Halldorsson, Tobias Kjar"]
[Result "0-1"]
[WhiteElo "1558"]
[BlackElo "1730"]
[WhiteFideId "16202384"]
[BlackFideId "1464701"]
[EventDate "2019.07.20"]

1. e4 e5 2. Nf3 Nc6 3. Bb5 Nf6 4. O-O d6 5. Nc3 a6 6. Ba4 Be7 7. d4 exd4 8. Nxd4
Bd7 9. Nxc6 bxc6 10. f4 O-O 11. Qd3 c5 12. Bxd7 Qxd7 13. Rf3 Rfd8 14. Rh3 h6 15.
Nd5 Nxd5 16. exd5 Bf6 17. Qg3 Kh8 18. f5 Bd4+ 19. Kh1 Qxf5 20. Bxh6 Kg8 21. Bg5
Re8 22. Qh4 f6 23. Qh8+ Kf7 24. Qh5+ Qg6 25. Qxg6+ Kxg6 26. Bd2 Bxb2 27. Rb1
Rab8 28. Rb3 Rxb3 29. axb3 Re2 30. Ba5 Rxc2 31. Bxc7 Be5 32. g3 Rd2 33. Ra1 0-1

[Event "Xtracon Chess Open 2019"]
[Site "Helsingor DEN"]
[Date "2019.07.25"]
[Round "7.158"]
[White "Bohlin, Jan"]
[Black "Zheng, Jerry Z"]
[Result "1/2-1/2"]
[WhiteElo "1724"]
[BlackElo "1553"]
[WhiteFideId "1758616"]
[BlackFideId "460990"]
[EventDate "2019.07.20"]

1. c4 e5 2. Nc3 Nf6 3. Nf3 Nc6 4. d4 d6 5. dxe5 Nxe5 6. Nxe5 dxe5 7. Qxd8+ Kxd8
8. Bg5 Be7 9. O-O-O+ Bd7 10. h3 c6 11. g3 Kc7 12. Bg2 h6 13. Be3 Be6 14. b3 Rhd8
15. Kb2 Rd7 16. Rxd7+ Nxd7 17. g4 f6 18. Ne4 Bf7 19. Rd1 b6 20. a3 h5 21. Nc3
hxg4 22. hxg4 Be6 23. Nb5+ Kb7 24. Nd6+ Kc7 25. Nb5+ Kb7 1/2-1/2

[Event "Xtracon Chess Open 2019"]
[Site "Helsingor DEN"]
[Date "2019.07.25"]
[Round "7.159"]
[White "Lalla, Karol"]
[Black "Nielsen, Jorgen Kamp"]
[Result "0-1"]
[WhiteElo "1534"]
[BlackElo "1711"]
[WhiteFideId "12947407"]
[BlackFideId "1413279"]
[EventDate "2019.07.20"]

1. d4 Nf6 2. f4 c5 3. e3 e6 4. c3 d5 5. Bd3 Nbd7 6. Nf3 Ne4 7. Bd2 Be7 8. O-O b6
9. Be1 Bb7 10. Nbd2 Ndf6 11. Bh4 Nxd2 12. Qxd2 Ne4 13. Bb5+ Kf8 14. Bxe7+ Qxe7
15. Qe2 h5 16. Ne5 a6 17. Nd7+ Kg8 18. Nxb6 axb5 19. Nxa8 Bxa8 20. Qxb5 f5 21.
Qb8+ Kh7 22. Qe5 Nd6 23. dxc5 Nc4 24. Qd4 Nxb2 25. Rfb1 Nc4 26. a4 Qc7 27. Qd1
g6 28. Qd4 Bc6 29. Rb4 Ra8 30. Rxc4 dxc4 31. Qxc4 Bd5 32. Qb4 Rb8 33. Qd4 Rb2
34. c4 Rxg2+ 35. Kf1 Rxh2 36. cxd5 Rh1+ 37. Kf2 Rxa1 38. Qxa1 Qxc5 39. dxe6 Qc2+
40. Kg3 h4+ 41. Kxh4 Qh2+ 42. Kg5 Qh6+ 43. Kf6 Qg7+ 44. Kg5 Qxa1 45. e7 Qh8 0-1

[Event "Xtracon Chess Open 2019"]
[Site "Helsingor DEN"]
[Date "2019.07.25"]
[Round "7.160"]
[White "Nielsen, Kai Gylling"]
[Black "Olsen, Lars Peter Levin"]
[Result "1-0"]
[WhiteElo "1709"]
[BlackElo "1187"]
[WhiteFideId "1406400"]
[BlackFideId "1454102"]
[EventDate "2019.07.20"]

1. d4 f5 2. Nf3 e6 3. c4 Nf6 4. Nc3 Bb4 5. Bd2 Bxc3 6. Bxc3 Qe7 7. e3 a5 8. a3
Ne4 9. Rc1 Nxc3 10. Rxc3 a4 11. Bd3 O-O 12. Bc2 d6 13. Bxa4 Bd7 14. Bc2 Nc6 15.
O-O Nd8 16. Re1 Be8 17. e4 f4 18. c5 Bh5 19. Qd3 Nf7 20. cxd6 cxd6 21. Qb5 Bxf3
22. gxf3 Ng5 23. e5 Nh3+ 24. Kf1 Qh4 25. Re2 Ng5 26. exd6 Qxh2 27. Qxg5 Qh1+ 28.
Qg1 Qh3+ 29. Qg2 Qxg2+ 30. Kxg2 Rf6 31. Re5 Rd8 32. d5 exd5 33. Rxd5 Rfxd6 34.
Rcd3 Rg6+ 35. Kf1 Rxd5 36. Rxd5 Rc6 37. Bb3 Kf8 38. Rf5+ Rf6 39. Rxf6+ gxf6 40.
Kg2 h5 41. Kh3 Kg7 42. Bc2 Kf7 43. Kh4 Ke7 44. Kxh5 Ke6 45. Kg4 Ke5 46. b3 Kd4
47. Bg6 Kc3 48. Bf7 Kb2 49. a4 Ka3 50. Kxf4 Kb4 51. Kf5 b6 52. Kxf6 Kc5 53. Ke5 1-0

[Event "Xtracon Chess Open 2019"]
[Site "Helsingor DEN"]
[Date "2019.07.25"]
[Round "7.161"]
[White "Bredeli, Kent-Ove I"]
[Black "Kristensen, Thomas Overgaard"]
[Result "1-0"]
[WhiteElo "1515"]
[BlackElo "1700"]
[WhiteFideId "1522124"]
[BlackFideId "1419803"]
[EventDate "2019.07.20"]

1. d4 d5 2. Nf3 Nf6 3. Bf4 Bf5 4. e3 e6 5. c3 Nbd7 6. Bd3 Bg6 7. Qc2 Rc8 8. Nbd2
c5 9. Bxg6 hxg6 10. Ne5 cxd4 11. exd4 Bb4 12. Qd3 Ba5 13. Ndf3 Rh5 14. g4 Rh8
15. Nxg6 Ne4 16. Nxh8 Qf6 17. Bg3 Nxc3 18. O-O Ne4 19. Ne5 a6 20. Nhxf7 Nb6 21.
f3 Nxg3 22. Nd6+ Ke7 23. Nxc8+ Nxc8 24. Qa3+ Nd6 25. hxg3 1-0

[Event "Xtracon Chess Open 2019"]
[Site "Helsingor DEN"]
[Date "2019.07.25"]
[Round "7.162"]
[White "Madison, Sigurd"]
[Black "Madsen, Dennis"]
[Result "1-0"]
[WhiteElo "1700"]
[BlackElo "1529"]
[WhiteFideId "1711806"]
[BlackFideId "1425919"]
[EventDate "2019.07.20"]

1. e4 d5 2. exd5 Nf6 3. d4 Nxd5 4. c4 Nf6 5. Be2 Nc6 6. Nf3 Bg4 7. Be3 e6 8. O-O
Be7 9. Nc3 a6 10. Qb3 Rb8 11. Rad1 O-O 12. d5 Na5 13. Qa4 c6 14. d6 Bxd6 15. c5
b5 16. Qc2 Nd5 17. Nxd5 cxd5 18. cxd6 Rc8 19. Qd2 Nc4 20. Bxc4 Rxc4 21. b3 Rc8
22. Bf4 Bxf3 23. gxf3 Qf6 24. Qd4 Qg6+ 25. Bg3 h5 26. h4 Qf5 27. Kg2 f6 28. Rd2
g5 29. Re1 b4 30. Rde2 Rc3 31. Re3 Rxe3 32. Rxe3 Rf7 33. Qxb4 e5 34. hxg5 fxg5
35. Bxe5 g4 36. f4 h4 37. Qb8+ Rf8 38. Qc7 Qg6 39. Qe7 h3+ 40. Kg3 h2 41. Re1
Qd3+ 42. Kxg4 Qg6+ 43. Qg5 Kh7 44. Qxg6+ Kxg6 45. Rh1 Kf7 46. Rxh2 Ke6 47. Kf3
Kd7 48. Ke3 Rc8 49. Kd2 Rc5 50. Rh7+ 1-0

[Event "Xtracon Chess Open 2019"]
[Site "Helsingor DEN"]
[Date "2019.07.25"]
[Round "7.163"]
[White "Satre, Roger"]
[Black "Mielow, Bjarne"]
[Result "1-0"]
[WhiteElo "1867"]
[BlackElo "1638"]
[WhiteFideId "1510320"]
[BlackFideId "1415484"]
[EventDate "2019.07.20"]

1. e4 g6 2. d4 Bg7 3. Nf3 d6 4. Nc3 c6 5. Be2 Nf6 6. O-O O-O 7. h3 b5 8. e5 dxe5
9. Nxe5 Bb7 10. Bf3 a6 11. g4 b4 12. Ne4 Nxe4 13. Bxe4 a5 14. c3 f6 15. Nd3 Ba6
16. Re1 bxc3 17. bxc3 Bc4 18. Ba3 Re8 19. Nc5 e5 20. Nb7 Qc7 21. Nd6 Rd8 22.
Nxc4 exd4 23. Qb3 Kh8 24. Bf3 dxc3 25. Re7 Nd7 26. Nd6 Ne5 1-0

[Event "Xtracon Chess Open 2019"]
[Site "Helsingor DEN"]
[Date "2019.07.25"]
[Round "7.164"]
[White "Linjord, David Jess"]
[Black "Tummasarson, Flovin M."]
[Result "0-1"]
[WhiteElo "1701"]
[BlackElo "1561"]
[WhiteFideId "1527690"]
[BlackFideId "7202431"]
[EventDate "2019.07.20"]

1. c4 e5 2. Nc3 Nf6 3. Nf3 Nc6 4. d4 exd4 5. Nxd4 Nxd4 6. Qxd4 d6 7. e4 Be7 8.
Be2 O-O 9. O-O Re8 10. Bf4 Bd7 11. Rfd1 Bc6 12. b4 b6 13. b5 Bb7 14. Bf3 Rb8 15.
a4 Nd7 16. Qe3 Bf6 17. Rac1 Qe7 18. Nd5 Bxd5 19. exd5 Ne5 20. h3 Nxf3+ 21. Qxf3
Qe4 22. Qxe4 Rxe4 23. Bd2 Bb2 24. Rc2 Bd4 25. Re1 Rbe8 26. Rcc1 Re2 27. Be3
Rxe1+ 28. Rxe1 Bxe3 29. Rxe3 Rxe3 30. fxe3 f5 31. Kf2 Kf7 32. h4 Kf6 33. Kf3 Ke5
34. h5 g5 35. h6 g4+ 36. Kf2 Ke4 37. Ke2 f4 38. exf4 Kxf4 39. Kf2 g3+ 40. Ke2
Ke4 41. Kd2 Kd4 42. Ke2 Kxc4 43. Kf3 Kxd5 44. Kxg3 Ke4 45. Kf2 d5 46. Ke2 d4 47.
Kd2 d3 48. g3 Kd4 49. g4 Ke4 50. g5 Kf5 51. Kxd3 Kxg5 52. Kd4 Kxh6 53. Kd5 Kg5
54. Kc6 h5 55. Kxc7 h4 56. Kb7 h3 57. Kxa7 h2 58. Kxb6 h1=Q 59. a5 Qa8 60. a6
Kf6 61. Kc7 Qa7+ 62. Kc6 Ke7 63. b6 Qxa6 64. Kc7 Ke6 65. b7 Qd6+ 66. Kc8 Ke7 67.
b8=N Qd8+ 68. Kb7 Kd6 69. Ka7 Qc7+ 70. Ka8 Qb6 71. Nd7 Qa6+ 72. Kb8 Qb5+ 0-1

[Event "Xtracon Chess Open 2019"]
[Site "Helsingor DEN"]
[Date "2019.07.25"]
[Round "7.165"]
[White "Jensen, Torben W."]
[Black "Starup, Leo"]
[Result "1/2-1/2"]
[WhiteElo "1693"]
[BlackElo "1556"]
[WhiteFideId "1515942"]
[BlackFideId "1422669"]
[EventDate "2019.07.20"]

1. e4 c5 2. Nc3 d6 3. Nf3 Nf6 4. d3 h6 5. h3 Nc6 6. Be2 e6 7. O-O Be7 8. Be3 O-O
9. Qd2 Re8 10. Bf4 a6 11. Nh2 Nd4 12. Rae1 b5 13. Bd1 a5 14. Ne2 Qb6 15. c3 Nc6
16. Ng3 a4 17. Ng4 Nxg4 18. hxg4 e5 19. Be3 Qd8 20. f4 exf4 21. Rxf4 Bg5 22.
Rff1 Bxe3+ 23. Qxe3 Ne5 24. Nf5 Re6 25. Be2 Bb7 26. d4 Nc4 27. Qc1 Rxe4 28. Bxc4
bxc4 29. Qc2 Rxe1 30. Rxe1 cxd4 31. Nxd4 Bd5 32. Qf5 Ra5 33. Qf4 Ra7 34. Qe3 Ra8
35. Qf4 Ra6 36. Nc2 Be6 37. Rd1 d5 38. Nd4 Qc8 39. Rf1 Qe8 40. g5 hxg5 41. Qxg5
Rd6 42. Qg3 Qd8 43. Qf4 Rd7 44. Rf3 Qe7 45. a3 Rb7 46. Rf2 Rb6 47. Re2 Qb7 48.
Qd2 Bg4 49. Rf2 Qb8 50. Qf4 Qxf4 51. Rxf4 Be6 52. Rf2 Kf8 53. Kf1 g6 54. Ke1 f5
55. Kd1 Ke7 56. Kc1 Bd7 57. Rd2 Kd6 58. Re2 Rb8 59. g3 Rh8 60. Kd2 Rh3 61. Rg2
Rh1 62. Ke3 Rh8 63. Kf4 Rh5 64. Nf3 Be8 65. Re2 Bd7 66. Rh2 Rxh2 67. Nxh2 Ke6
68. Nf3 Kf6 69. Nd4 g5+ 70. Ke3 Kg6 71. Nf3 Kf6 72. Kd4 Be6 73. Ke3 Bd7 74. Nd4
Ke5 75. Nf3+ Kf6 76. Kd4 g4 77. Nh4 Be6 78. Ng2 Bf7 79. Ke3 Ke5 80. Nf4 Be8 81.
Ne2 Bf7 82. Nd4 Be8 83. Nc2 Bd7 84. Nb4 Bb5 85. Nc2 Be8 86. Ne1 Bf7 87. Nc2 Be8 1/2-1/2

[Event "Xtracon Chess Open 2019"]
[Site "Helsingor DEN"]
[Date "2019.07.25"]
[Round "7.166"]
[White "Schick, Matheo"]
[Black "Haugaard, Thomas"]
[Result "0-1"]
[WhiteElo "1451"]
[BlackElo "1690"]
[WhiteFideId "1545280"]
[BlackFideId "1414330"]
[EventDate "2019.07.20"]

1. e4 c5 2. Nf3 d6 3. d4 cxd4 4. Nxd4 Nf6 5. Nc3 a6 6. Bc4 e6 7. Bb3 Be7 8. Bg5
O-O 9. Qf3 Qc7 10. O-O-O b5 11. Be3 Bb7 12. a3 Nc6 13. Rhg1 Ne5 14. Qf4 Nh5 15.
Nxe6 fxe6 16. Bxe6+ Kh8 17. Bb6 Nxf4 18. Bxc7 Nxe6 19. Bb6 Nc4 20. Be3 Nxe3 21.
fxe3 0-1

[Event "Xtracon Chess Open 2019"]
[Site "Helsingor DEN"]
[Date "2019.07.25"]
[Round "7.167"]
[White "Nielsen, Peter"]
[Black "Joensen, Sigurd"]
[Result "1/2-1/2"]
[WhiteElo "1686"]
[BlackElo "1532"]
[WhiteFideId "1707485"]
[BlackFideId "7200935"]
[EventDate "2019.07.20"]

1. d4 f5 2. Bg5 Nf6 3. e3 e6 4. Nc3 Be7 5. Bd3 O-O 6. h4 d6 7. Qe2 Nc6 8. a3 a6
9. h5 h6 10. Bxf6 Bxf6 11. Nf3 b5 12. g4 fxg4 13. Nh2 g3 14. fxg3 d5 15. Bg6 e5
16. Ng4 Bxg4 17. Qxg4 Qd6 18. O-O-O e4 19. Ne2 Bg5 20. Nf4 Rf6 1/2-1/2

[Event "Xtracon Chess Open 2019"]
[Site "Helsingor DEN"]
[Date "2019.07.25"]
[Round "7.168"]
[White "Werner, Jakob"]
[Black "Storme, Joel"]
[Result "1-0"]
[WhiteElo "1681"]
[BlackElo "1448"]
[WhiteFideId "1426850"]
[BlackFideId "1749021"]
[EventDate "2019.07.20"]

1. d4 d5 2. c4 e6 3. g3 Nf6 4. Nf3 Bd6 5. Bg2 b6 6. O-O Bb7 7. cxd5 Bxd5 8. Nc3
Bb7 9. Re1 Bb4 10. Qa4+ Nc6 11. Ne5 Bxc3 12. Bxc6+ Bxc6 13. Qxc6+ Ke7 14. Qxc3
Qd6 15. Bf4 Nd5 16. Qf3 Nxf4 17. Qxf4 f6 18. Nd3 Qd7 19. Rac1 Rac8 20. Red1 g5
21. Qe4 Rcd8 22. Nb4 Kf7 23. Qc6 Qxc6 24. Rxc6 Rd7 25. e3 h5 26. Rdc1 h4 27.
Rxc7 Rxc7 28. Rxc7+ Kg6 29. g4 f5 30. f3 Rf8 31. Kg2 fxg4 32. fxg4 h3+ 33. Kg3 1-0

[Event "Xtracon Chess Open 2019"]
[Site "Helsingor DEN"]
[Date "2019.07.25"]
[Round "7.169"]
[White "Huse, Arne Kjelsbol"]
[Black "Petersen, Jan"]
[Result "1-0"]
[WhiteElo "1419"]
[BlackElo "1660"]
[WhiteFideId "1520709"]
[BlackFideId "1426320"]
[EventDate "2019.07.20"]

1. e4 c5 2. Nf3 d6 3. d4 cxd4 4. Nxd4 Nf6 5. Nc3 a6 6. Bc4 e6 7. Bb3 b5 8. h3
Be7 9. O-O Qc7 10. f4 O-O 11. Kh1 Nc6 12. f5 e5 13. Nd5 Nxd5 14. Nxc6 Nf6 15.
Nxe7+ Qxe7 16. Bg5 Bb7 17. Qf3 h6 18. Bh4 Kh7 19. g4 Qc7 20. Bxf6 gxf6 21. Rad1
Rad8 22. Rd2 Rd7 23. h4 Qb8 24. g5 Qa8 25. Bd5 Bxd5 26. exd5 Rg8 27. Rg1 Qf8 28.
Rh2 Qg7 29. Qh5 Rc7 30. Rhg2 Rcc8 31. gxh6 Rxc2 32. hxg7# 1-0

[Event "Xtracon Chess Open 2019"]
[Site "Helsingor DEN"]
[Date "2019.07.25"]
[Round "7.170"]
[White "Madsen, Svend"]
[Black "Hein, Jacob"]
[Result "1-0"]
[WhiteElo "1655"]
[BlackElo "1422"]
[WhiteFideId "1419846"]
[BlackFideId "1402870"]
[EventDate "2019.07.20"]

1. e4 g6 2. d4 Bg7 3. Bc4 e6 4. Nc3 d5 5. exd5 exd5 6. Nxd5 Be6 7. Qe2 Ne7 8.
Nxe7 Bxc4 9. Qxc4 Qxe7+ 10. Qe2 Nc6 11. Qxe7+ Nxe7 12. Ne2 O-O-O 13. c3 Rhe8 14.
O-O Nf5 15. Nf4 Re7 16. Bd2 Bh6 17. Rfe1 Rde8 18. Kf1 Re4 19. g3 Rxe1+ 20. Rxe1
Rxe1+ 21. Kxe1 Kd7 22. Nd3 b6 23. Bxh6 Nxh6 24. f4 f6 25. h3 Nf5 26. g4 Ne7 27.
Ke2 Ke6 28. c4 Kd6 29. Kf3 c6 30. h4 h5 31. g5 Nf5 32. gxf6 Nxh4+ 33. Ke4 Ke6
34. f7 Kxf7 35. Ne5+ Kf6 36. Nxc6 Nf5 37. c5 Ng3+ 38. Kf3 Nf5 39. cxb6 axb6 40.
d5 Nd6 41. b3 b5 42. a4 bxa4 43. bxa4 Kf7 44. a5 Nc4 45. Ne5+ Nxe5+ 46. fxe5 Ke7 1-0

[Event "Xtracon Chess Open 2019"]
[Site "Helsingor DEN"]
[Date "2019.07.25"]
[Round "7.171"]
[White "Weersing, Nathan"]
[Black "Nielsen, Leo Kresten Roland"]
[Result "0-1"]
[WhiteElo "1388"]
[BlackElo "1653"]
[WhiteFideId "467936"]
[BlackFideId "1426095"]
[EventDate "2019.07.20"]

1. e4 e5 2. Nf3 d6 3. Bc4 h6 4. d4 Bg4 5. dxe5 Qe7 6. exd6 Qxe4+ 7. Qe2 Qxe2+ 8.
Bxe2 Bxd6 9. Nc3 Nf6 10. O-O O-O 11. Nb5 Nc6 12. Nxd6 cxd6 13. Bf4 Rfe8 14. Rfe1
d5 15. c3 Re4 16. Be3 Rae8 17. Nd2 R4e6 18. h3 Bxe2 19. Rxe2 d4 20. cxd4 Nxd4
21. Ree1 Nc2 22. Rec1 Nxa1 23. Rxa1 b6 24. Rc1 Nd5 25. Nf1 f5 26. Rd1 Nxe3 27.
Nxe3 f4 28. Nd5 g5 29. Kh2 Rc8 30. Rd2 Kf7 31. Nc3 Rcc6 32. Nb5 a6 33. Nd4 Red6
34. b3 Rc5 35. Nf3 Rxd2 36. Nxd2 Rc2 37. Nc4 b5 38. Nd6+ Ke6 39. Ne4 Rxa2 40. f3
b4 41. h4 gxh4 42. Kh3 a5 43. Nc5+ Kf5 44. Kh2 Rc2 45. Ne4 Rc3 46. Nd2 Rd3 47.
Nc4 Rxb3 48. Nxa5 Re3 49. Nc4 b3 50. Kh3 Re2 51. Nd6+ Ke6 52. Nc4 b2 53. Na3 Re1
54. Kxh4 b1=Q 55. Nxb1 Rxb1 56. Kg4 Rg1 57. Kh3 Rh1+ 58. Kg4 Rh2 59. g3 fxg3 60.
Kxg3 Ra2 61. Kg4 h5+ 62. Kg3 Kf5 63. Kh4 Kf4 64. Kh3 Rf2 65. Kh4 Rh2# 0-1